Gormiti series 1-2 - Statistics

General Stats
  • This quiz has been taken 27 times
  • The average score is 44 of 77
Answer Stats
Answer % Correct
People of earth series 1/popolo della terra prima serie Gheos
83%
People of magma series 1popolo del magma prima serie Magmion
83%
Carrapax
78%
People of lava series 1/popolo della lava prima serie Lavion
78%
People of air series 1/popolo dell'aria prima serie Noctis
78%
People of forest series 1/popolo della foresta prima serie Tasarau
78%
People of sea series 2/popolo del mare seconda serie Carrapax
72%
People of volcano series 2/popolo del vulcano seconda serie Orrore Profondo
72%
People of sea series 1/popolo del mare prima serie Poivrons
72%
Aquila Solitaria
67%
Delos
67%
People of air series 2/popolo dell'aria seconda serie Elios
67%
Florus
67%
Grankios
67%
Lavor
67%
Mantra
67%
Martello
67%
Tenaglia
67%
Alos
61%
Aracno
61%
People of forest series 2/popolo della foresta seconda serie Barbataus
61%
Becco d'Acciaio
61%
Bombos
61%
Dedalo
61%
Falcosilente
61%
Furia cieca
61%
Gravitus
61%
People of earth series 2/popolo della terra seconda serie Kolossus
61%
Magica Vedetta
61%
Medusantica
61%
Mimeticus
61%
Murena
61%
Schienacciaio
61%
Scovanascondigli
61%
Severo Guardiano
61%
Talps
61%
Trematerra
61%
Immobile Paziente
56%
Incubo di Fuoco
56%
Insecticus
56%
Maglio Infuocato
56%
Mangiaterra
56%
Picchiatore
56%
Pungolo
56%
Rocciatauro
56%
Sentinella Antica
56%
Strapparami
56%
Vorticus
56%
Diamantes
50%
Frusta Letale
50%
Geyser
50%
Ipnorana
50%
Lamacciaio
50%
Magicorvo
50%
Multiplop
50%
Saggio Distruttore
50%
Sparafuoco
50%
Sporius
50%
Stalattite
50%
Strappapensieri
50%
Tartantica
50%
Troncannone
50%
Angelo Infuocato
44%
Anonimo Multiforme
44%
Electricon
44%
Guardiano Urlante
44%
Helico
44%
Incandescente Fantasma
44%
Lanciamassi
44%
Malvagius
44%
Misterioso Cavaliere
44%
Oscuro Sanguinolento
44%
Dragon
39%
Mangiamente
39%
Sferst
39%
Supplizio
39%
Mastodontico
22%
No matching quizzes found
Score Distribution
Percent of People with Each Score
Percentile by Number Answered
Your Score History
You have not taken this quiz